[Event "EU-ch (Women) 24th"]
[Site "Rhodes"]
[Date "2024.04.20"]
[Round "2"]
[White "Stefanova, Antoaneta"]
[Black "Klek, Hanna Marie"]
[Result "1/2-1/2"]
[WhiteElo "2447"]
[BlackElo "2294"]
[PlyCount "77"]
[EventDate "2024.04.19"]
[EventType "swiss"]
[EventRounds "10"]
[EventCountry "GRE"]
[SourceTitle "CB18_2024"]
[SourceDate "2024.05.01"]
[SourceVersion "1"]
[SourceVersionDate "2024.05.01"]
[SourceQuality "2"]

1. d4 Nf6 2. c4 e6 3. Nf3 d5 4. Nc3 dxc4 5. e3 a6 6. a4 c5 7. Bxc4 Nc6 8. 0-0 Be7 9. dxc5 Qxd1 10. Rxd1 Bxc5 11. Bd2 b6 12. Ng5 Ne5 13. Be2 Bb7 14. Rac1 Rc8 15. Na2 h6 16. Bc3 hxg5 17. Bxe5 0-0 18. Bxf6 gxf6 19. b4 Be7 20. Rd7 Bd5 21. Rxe7 Bxa2 22. Rcc7 Rxc7 23. Rxc7 a5 24. bxa5 bxa5 25. f3 Ra8 26. e4 Kg7 27. Kf2 f5 28. e5 f4 29. g3 Rh8 30. Kg2 fxg3 31. hxg3 Bd5 32. g4 Rb8 33. Bb5 Rd8 34. Kf2 Rh8 35. Be2 Bb3 36. Ra7 Bxa4 37. Rxa5 Bc6 38. Rc5 Bd5 39. Ke3 1/2-1/2

[Event "EU-ch (Women) 24th"]
[Site "Rhodes"]
[Date "2024.04.19"]
[Round "1"]
[White "Allahverdiyeva, Ayan"]
[Black "Stefanova, Antoaneta"]
[Result "0-1"]
[WhiteElo "2152"]
[BlackElo "2447"]
[PlyCount "89"]
[EventDate "2024.04.19"]
[EventType "swiss"]
[EventRounds "10"]
[EventCountry "GRE"]
[SourceTitle "CB18_2024"]
[SourceDate "2024.05.01"]
[SourceVersion "1"]
[SourceVersionDate "2024.05.01"]
[SourceQuality "2"]

1. e4 e5 2. Nf3 Nc6 3. Bb5 a6 4. Ba4 d6 5. c3 Bd7 6. d4 g6 7. 0-0 Bg7 8. h3 Nf6 9. Re1 b5 10. Bc2 0-0 11. Nbd2 Re8 12. Nf1 a5 13. dxe5 dxe5 14. a4 b4 15. Ne3 h6 16. Nd5 Nxd5 17. exd5 Na7 18. cxb4 axb4 19. Bd2 c5 20. Qc1 Kh7 21. Re4 f5 22. Rh4 f4 23. g3 Bf6 24. Qb1 Rg8 25. Rh5 Qe8 26. gxf4 e4 27. Re5 Bxe5 28. Nxe5 Bxh3 29. Bxe4 Bf5 30. Kh2 Qf8 31. Be3 Qf6 32. Kg3 Rae8 33. f3 Qd6 34. Kf2 Rgf8 35. Ke2 Nc8 36. Qg1 Qa6+ 37. Ke1 c4 38. Bc5 Rf6 39. Qd4 Bxe4 40. fxe4 Rxf4 41. Qe3 Qf6 42. Nd7 Qh4+ 43. Kd2 Rfxe4 44. Rf1 Rxe3 45. Bxe3 0-1

[Event "EU-ch Rapid (Women)"]
[Site "Monaco"]
[Date "2024.01.14"]
[Round "10"]
[White "Stefanova, Antoaneta"]
[Black "Osmak, Iulija"]
[Result "1-0"]
[WhiteElo "2431"]
[BlackElo "2450"]
[PlyCount "68"]
[EventDate "2024.01.13"]
[EventType "swiss (rapid)"]
[EventRounds "11"]
[EventCountry "MNC"]
[SourceTitle "CB03_2024"]
[SourceDate "2024.01.17"]
[SourceVersion "1"]
[SourceVersionDate "2024.01.17"]
[SourceQuality "1"]

1. d4 Nf6 2. Nf3 e6 3. e3 d5 4. Bd3 Be7 5. 0-0 0-0 6. b3 b6 7. Bb2 Bb7 8. Nbd2 c5 9. dxc5 bxc5 10. c4 Nc6 11. cxd5 exd5 12. Re1 Nb4 13. Bb1 a5 14. a3 Nc6 15. Qc2 g6 16. Ba2 Qb6 17. Rac1 Rac8 18. Ba1 Rfd8 19. Qb2 a4 20. bxa4 Qxb2 21. Bxb2 Ra8 22. Bxf6 Bxf6 23. Rxc5 d4 24. Rb1 dxe3 25. fxe3 Be7 26. Rc2 Ra7 27. Rxb7 Rxb7 28. Rxc6 Rb2 29. Bc4 Rdxd2 30. Nxd2 Rxd2 31. Rc7 Bg5 32. Rxf7 Bxe3+ 33. Kf1 Rc2 34. Bd5 Kh8 1-0

[Event "EU-ch Blitz (Women)"]
[Site "Monaco"]
[Date "2024.01.12"]
[Round "12"]
[White "Ushenina, Anna"]
[Black "Stefanova, Antoaneta"]
[Result "1-0"]
[WhiteElo "2415"]
[BlackElo "2431"]
[PlyCount "101"]
[EventDate "2024.01.12"]
[EventType "swiss (blitz)"]
[EventRounds "13"]
[EventCountry "MNC"]
[SourceTitle "CB03_2024"]
[SourceDate "2024.01.17"]
[SourceVersion "1"]
[SourceVersionDate "2024.01.17"]
[SourceQuality "1"]

1. d4 d5 2. Nf3 Nf6 3. e3 Bf5 4. c4 c6 5. Nc3 e6 6. Nh4 Be4 7. f3 Bg6 8. Qb3 Qc7 9. Bd2 Nbd7 10. Nxg6 hxg6 11. 0-0-0 dxc4 12. Bxc4 b5 13. Be2 Rxh2 14. Kb1 Rxg2 15. Bf1 Rh2 16. Rxh2 Qxh2 17. e4 Be7 18. d5 exd5 19. exd5 Nc5 20. Qb4 Nce4 21. Qd4 Bc5 22. Qd3 Nxc3+ 23. Qxc3 Qd6 24. dxc6 a6 25. Rc1 Bb6 26. Bh3 Ra7 27. a3 Kf8 28. Qc2 Kg8 29. Bb4 Qf4 30. Qd3 Bc7 31. Re1 Ra8 32. Bc3 Rd8 33. Qe2 Qd6 34. Bxf6 gxf6 35. Bd7 Kg7 36. Rd1 Qf4 37. Qe7 Qxf3 38. Re1 Qd3+ 39. Ka1 Qd4 40. Be6 Rf8 41. Qxc7 Qd2 42. Rb1 b4 43. axb4 Qxb4 44. Ba2 Qc5 45. Qd7 g5 46. c7 Kg6 47. Qd3+ f5 48. Qd7 f6 49. Rh1 g4 50. Qh7+ Kg5 51. Qh6# 1-0

[Event "Wch Blitz (Women)"]
[Site "Samarkand"]
[Date "2023.12.30"]
[Round "10"]
[White "Omonova, Umida"]
[Black "Stefanova, Antoaneta"]
[Result "1-0"]
[WhiteElo "2257"]
[BlackElo "2442"]
[PlyCount "75"]
[EventDate "2023.12.29"]
[EventType "swiss (blitz)"]
[EventRounds "17"]
[EventCountry "UZB"]
[SourceTitle "CB01_2024"]
[SourceDate "2024.01.03"]
[SourceVersion "1"]
[SourceVersionDate "2024.01.03"]
[SourceQuality "1"]

1. e4 e5 2. Nf3 Nc6 3. Bc4 Nf6 4. d3 Bc5 5. 0-0 0-0 6. a4 a6 7. a5 h6 8. Be3 Bxe3 9. fxe3 d5 10. exd5 Nxd5 11. Qe1 Be6 12. Bxd5 Bxd5 13. e4 Be6 14. Nbd2 Nd4 15. Rc1 f6 16. Qf2 c5 17. Nxd4 cxd4 18. Ra1 Rc8 19. Rfc1 Rc5 20. b4 Rb5 21. Rab1 Qe7 22. c4 dxc3 23. Rxc3 Rxb4 24. Rbc1 Rd8 25. Nf3 Rb3 26. Rc7 Rd7 27. Rc8+ Kh7 28. d4 exd4 29. Qg3 d3 30. Nh4 g5 31. Qb8 d2 32. Rh8+ Kg7 33. Nf5+ Kg6 34. Nxe7+ Rxe7 35. Rd1 Bg4 36. Qf8 Rg7 37. Qe8+ Rf7 38. Rg8+ 1-0

[Event "Wch Blitz (Women)"]
[Site "Samarkand"]
[Date "2023.12.30"]
[Round "15"]
[White "Stefanova, Antoaneta"]
[Black "Kosteniuk, Alexandra"]
[Result "1/2-1/2"]
[WhiteElo "2442"]
[BlackElo "2501"]
[PlyCount "95"]
[EventDate "2023.12.29"]
[EventType "swiss (blitz)"]
[EventRounds "17"]
[EventCountry "UZB"]
[SourceTitle "CB01_2024"]
[SourceDate "2024.01.03"]
[SourceVersion "1"]
[SourceVersionDate "2024.01.03"]
[SourceQuality "1"]

1. d4 f5 2. g3 Nf6 3. Bg2 g6 4. Nh3 Bg7 5. 0-0 0-0 6. c4 Nc6 7. d5 Ne5 8. Qc2 c6 9. Nf4 Qc7 10. Qb3 g5 11. Nd3 Nf7 12. Nc3 d6 13. e4 e5 14. dxe6 Bxe6 15. exf5 Bxf5 16. Ne2 Rae8 17. Nd4 Bg6 18. Nc2 h6 19. Be3 a6 20. Rad1 Ng4 21. Bb6 Qc8 22. Ne3 Nxe3 23. Bxe3 Be4 24. f3 Bf5 25. Bf2 Kh8 26. Rfe1 Rxe1+ 27. Rxe1 Re8 28. Rxe8+ Qxe8 29. Bf1 Qd7 30. Qd1 Bh3 31. b3 Bxf1 32. Qxf1 Qe6 33. Qe1 Qxe1+ 34. Nxe1 Kh7 35. Nc2 Kg6 36. Kf1 Kf5 37. Ke2 Ne5 38. g4+ Kf6 39. h4 Ng6 40. hxg5+ hxg5 41. Bd4+ Kf7 42. Ke3 Bxd4+ 43. Nxd4 Kf6 44. Ke4 Nf4 45. Nf5 Ke6 46. Nd4+ Kf6 47. Nf5 Ke6 48. Nd4+ 1/2-1/2

[Event "Wch Blitz (Women)"]
[Site "Samarkand"]
[Date "2023.12.30"]
[Round "12"]
[White "Stefanova, Antoaneta"]
[Black "Zhu, Jiner"]
[Result "1-0"]
[WhiteElo "2442"]
[BlackElo "2467"]
[PlyCount "137"]
[EventDate "2023.12.29"]
[EventType "swiss (blitz)"]
[EventRounds "17"]
[EventCountry "UZB"]
[SourceTitle "CB01_2024"]
[SourceDate "2024.01.03"]
[SourceVersion "1"]
[SourceVersionDate "2024.01.03"]
[SourceQuality "1"]

1. d4 Nf6 2. Nf3 d5 3. e3 e6 4. Bd3 c5 5. b3 Nc6 6. Bb2 Be7 7. 0-0 0-0 8. a3 b6 9. Ne5 Bb7 10. f4 Ne4 11. Nd2 f5 12. Ndf3 Bf6 13. Qe2 Rc8 14. c4 Qe7 15. Nxc6 Bxc6 16. Ne5 Bb7 17. a4 dxc4 18. Bxc4 Nd6 19. Bd3 Bd5 20. dxc5 bxc5 21. Nc4 Nxc4 22. Bxf6 Qxf6 23. Bxc4 Rfd8 24. Rfd1 h6 25. h3 Rd6 26. Rac1 Rcd8 27. Bxd5 Rxd5 28. Rxd5 Rxd5 29. Kh2 Kh7 30. e4 Rd4 31. e5 Qh4 32. g3 Qd8 33. Rc2 Rd1 34. h4 Qd4 35. Qf2 Qd5 36. Qg2 Qxb3 37. Rxc5 Qxa4 38. Rc2 Qd4 39. Qf2 Qd5 40. Qg2 Qd3 41. Qe2 a5 42. Qxd3 Rxd3 43. Rc6 a4 44. Rxe6 a3 45. Ra6 Rd2+ 46. Kh3 a2 47. h5 Kg8 48. Ra7 Kf8 49. g4 Rd3+ 50. Kh4 fxg4 51. Kxg4 Rd2 52. Kf5 Rf2 53. e6 Ke8 54. Ra8+ Ke7 55. Ra7+ Ke8 56. e7 Kf7 57. Ke5 Re2+ 58. Kf5 Rf2 59. Ke5 Re2+ 60. Kf5 Rh2 61. Kg4 Ke8 62. Kf5 Rxh5+ 63. Kg6 Rh2 64. Kxg7 h5 65. f5 Rg2+ 66. Kh6 h4 67. f6 Kf7 68. Ra8 Re2 69. Rf8+ 1-0

[Event "Wch Blitz (Women)"]
[Site "Samarkand"]
[Date "2023.12.29"]
[Round "6"]
[White "Munkhzul, Turmunkh"]
[Black "Stefanova, Antoaneta"]
[Result "1-0"]
[WhiteElo "2258"]
[BlackElo "2442"]
[PlyCount "111"]
[EventDate "2023.12.29"]
[EventType "swiss (blitz)"]
[EventRounds "17"]
[EventCountry "UZB"]
[SourceTitle "CB01_2024"]
[SourceDate "2024.01.03"]
[SourceVersion "1"]
[SourceVersionDate "2024.01.03"]
[SourceQuality "1"]

1. e4 e5 2. Nf3 Nc6 3. Bb5 a6 4. Bxc6 dxc6 5. Nc3 f6 6. d4 exd4 7. Qxd4 Qxd4 8. Nxd4 Bd7 9. Be3 0-0-0 10. f3 c5 11. Nde2 b6 12. Kf2 Ne7 13. Rad1 Nc6 14. Nd5 Be7 15. Nxe7+ Nxe7 16. Nc3 Be6 17. a3 Rxd1 18. Rxd1 Rf8 19. g4 Kb7 20. Kg3 Kc6 21. Ne2 Bf7 22. h4 b5 23. Nf4 a5 24. a4 bxa4 25. Ra1 Rb8 26. Rxa4 Rxb2 27. Bxc5 Nc8 28. Rxa5 Rxc2 29. Nd3 Kd7 30. Bf8 g6 31. Bg7 Ke7 32. g5 fxg5 33. hxg5 Nd6 34. Bf6+ Kd7 35. Kf4 Rh2 36. Ra8 h6 37. gxh6 Rxh6 38. Ne5+ Ke6 39. Ra7 Kxf6 40. Ng4+ Kg7 41. Nxh6 Kxh6 42. Rxc7 Bb3 43. Ke5 Nf7+ 44. Kf6 Ng5 45. e5 Nxf3 46. Rc3 Bd5 47. e6 Ng5 48. e7 Ne4+ 49. Ke5 Bf7 50. Kxe4 Kg7 51. Ke5 Be8 52. Ke6 Bf7+ 53. Kd7 g5 54. Rg3 Kg6 55. Rf3 g4 56. Rxf7 1-0

[Event "Wch Blitz (Women)"]
[Site "Samarkand"]
[Date "2023.12.29"]
[Round "7"]
[White "Stefanova, Antoaneta"]
[Black "Balabayeva, Kseniya"]
[Result "1-0"]
[WhiteElo "2442"]
[BlackElo "2244"]
[PlyCount "53"]
[EventDate "2023.12.29"]
[EventType "swiss (blitz)"]
[EventRounds "17"]
[EventCountry "UZB"]
[SourceTitle "CB01_2024"]
[SourceDate "2024.01.03"]
[SourceVersion "1"]
[SourceVersionDate "2024.01.03"]
[SourceQuality "1"]

1. d4 d5 2. Nf3 Nf6 3. e3 Bf5 4. c4 e6 5. Nc3 c6 6. Qb3 Qb6 7. Nh4 Bg6 8. Nxg6 hxg6 9. c5 Qc7 10. g3 Nbd7 11. f4 Be7 12. Bg2 Ng4 13. h3 Ngf6 14. Bd2 g5 15. Ne2 gxf4 16. gxf4 b6 17. cxb6 axb6 18. Rc1 c5 19. a3 c4 20. Qc2 b5 21. 0-0 g6 22. e4 dxe4 23. Nc3 Rb8 24. Nxe4 Nxe4 25. Qxe4 Nf6 26. Qe5 Qd7 27. Qxb8+ 1-0

[Event "Wch Blitz (Women)"]
[Site "Samarkand"]
[Date "2023.12.29"]
[Round "9"]
[White "Stefanova, Antoaneta"]
[Black "Injac, Teodora"]
[Result "1-0"]
[WhiteElo "2442"]
[BlackElo "2447"]
[PlyCount "92"]
[EventDate "2023.12.29"]
[EventType "swiss (blitz)"]
[EventRounds "17"]
[EventCountry "UZB"]
[SourceTitle "CB01_2024"]
[SourceDate "2024.01.03"]
[SourceVersion "1"]
[SourceVersionDate "2024.01.03"]
[SourceQuality "1"]

1. d4 Nf6 2. Nf3 g6 3. g3 Bg7 4. Bg2 0-0 5. 0-0 d5 6. b3 c5 7. e3 Nc6 8. Bb2 Ne4 9. h3 b6 10. Nbd2 Bb7 11. Rb1 cxd4 12. exd4 Rc8 13. c3 e5 14. dxe5 Nxe5 15. Nxe5 Bxe5 16. Nxe4 dxe4 17. c4 Qe7 18. Bxe5 Qxe5 19. Qe2 Rcd8 20. Rbd1 f5 21. Rxd8 Rxd8 22. Rd1 Rd4 23. Kh2 Qd6 24. Rxd4 Qxd4 25. h4 Kg7 26. Qc2 a5 27. a3 Qd6 28. Qc3+ Qf6 29. Qd2 Qe7 30. b4 axb4 31. axb4 Kf7 32. Qc3 Qf6 33. Qe3 Qd6 34. c5 bxc5 35. bxc5 Qd5 36. Bf1 Kf6 37. Qc3+ Qe5 38. Qb4 Bd5 39. Qb6+ Qe6 40. Qd8+ Kg7 41. Qc7+ Qf7 42. Qe5+ Kh6 43. Bg2 Bc6 44. Qd6 Bd5 45. Qe6 Kg7 46. c6 Bxe6 1-0

[Event "Wch Blitz (Women)"]
[Site "Samarkand"]
[Date "2023.12.29"]
[Round "5"]
[White "Stefanova, Antoaneta"]
[Black "Nurmanova, Alua"]
[Result "1/2-1/2"]
[WhiteElo "2442"]
[BlackElo "2326"]
[PlyCount "104"]
[EventDate "2023.12.29"]
[EventType "swiss (blitz)"]
[EventRounds "17"]
[EventCountry "UZB"]
[SourceTitle "CB01_2024"]
[SourceDate "2024.01.03"]
[SourceVersion "1"]
[SourceVersionDate "2024.01.03"]
[SourceQuality "1"]

1. d4 Nf6 2. Nf3 g6 3. g3 Bg7 4. Bg2 0-0 5. 0-0 d6 6. Nc3 Nbd7 7. e4 e5 8. dxe5 dxe5 9. h3 c6 10. a4 a5 11. b3 Qe7 12. Ba3 Nc5 13. Qe2 b6 14. Rfd1 Nfd7 15. Ne1 Re8 16. Qe3 Qe6 17. Nd3 Bf8 18. Nxc5 Nxc5 19. Bb2 h5 20. h4 Kh7 21. Kh2 Qf6 22. Qf3 Qe7 23. Qe3 Bh6 24. Qe1 Ne6 25. Ne2 f6 26. Bc1 Bxc1 27. Raxc1 Ba6 28. Bf1 Rad8 29. Rxd8 Rxd8 30. Rd1 Bxe2 31. Bxe2 Nd4 32. Rc1 Qc5 33. Qf1 Qc3 34. Bd3 c5 35. Bc4 Nf3+ 36. Kg2 Nd2 37. Qe2 Rd4 38. Bd5 c4 39. bxc4 Nxc4 40. Rb1 Kg7 41. Bxc4 Qxc4 42. Qxc4 Rxc4 43. Rxb6 Rxa4 44. Ra6 Rxe4 45. Rxa5 Rc4 46. Ra2 f5 47. Kf3 Rc3+ 48. Ke2 e4 49. Kd2 Rf3 50. Ke2 Rc3 51. Kd2 Rf3 52. Ke2 Rc3 1/2-1/2

[Event "Wch Rapid (Women)"]
[Site "Samarkand"]
[Date "2023.12.26"]
[Round "1"]
[White "Khamrakulova, Iroda"]
[Black "Stefanova, Antoaneta"]
[Result "0-1"]
[WhiteElo "2132"]
[BlackElo "2442"]
[PlyCount "88"]
[EventDate "2023.12.26"]
[EventType "swiss (rapid)"]
[EventRounds "11"]
[EventCountry "UZB"]
[SourceTitle "CB01_2024"]
[SourceDate "2024.01.03"]
[SourceVersion "1"]
[SourceVersionDate "2024.01.03"]
[SourceQuality "1"]

1. g3 d5 2. d4 g6 3. Bg2 Bg7 4. Nf3 Nh6 5. 0-0 Nf5 6. c3 h5 7. h4 Nd7 8. Nbd2 Nf6 9. Ne5 Nd6 10. Ndf3 Nfe4 11. Be3 Bf5 12. Qc1 f6 13. Nd3 c6 14. b3 Nf7 15. c4 e5 16. cxd5 cxd5 17. Qb2 Qe7 18. Rac1 0-0 19. Nc5 Rfe8 20. Rfe1 Rad8 21. Nxe4 dxe4 22. Nd2 b6 23. dxe5 Nxe5 24. Nc4 Ng4 25. Bd4 Be6 26. f3 Nh6 27. Bf2 Bxc4 28. Rxc4 e3 29. Re4 exf2+ 30. Kxf2 Qc5+ 31. e3 Rxe4 32. fxe4 Ng4+ 33. Kf3 f5 34. Qc1 fxe4+ 35. Ke2 Qd6 36. Bxe4 Qxg3 37. Rf1 Qh2+ 38. Ke1 Qxh4+ 39. Ke2 Ne5 40. Bf3 Nxf3 41. Rxf3 Qe4 42. Qc7 Qd3+ 43. Kf2 Qd2+ 44. Kg3 Qd6+ 0-1

[Event "Wch Rapid (Women)"]
[Site "Samarkand"]
[Date "2023.12.26"]
[Round "2"]
[White "Stefanova, Antoaneta"]
[Black "Kamalidenova, Meruert"]
[Result "0-1"]
[WhiteElo "2442"]
[BlackElo "2383"]
[PlyCount "140"]
[EventDate "2023.12.26"]
[EventType "swiss (rapid)"]
[EventRounds "11"]
[EventCountry "UZB"]
[SourceTitle "CB01_2024"]
[SourceDate "2024.01.03"]
[SourceVersion "1"]
[SourceVersionDate "2024.01.03"]
[SourceQuality "1"]

1. d4 Nf6 2. Nf3 g6 3. g3 Bg7 4. Bg2 0-0 5. c4 d6 6. Nc3 Bd7 7. 0-0 Re8 8. Qc2 e5 9. dxe5 dxe5 10. Rd1 Qc8 11. Ng5 Nc6 12. Nd5 Bf5 13. e4 Bg4 14. f3 Bd7 15. Qd2 Nd4 16. f4 Nxd5 17. cxd5 exf4 18. gxf4 Bg4 19. Re1 h6 20. e5 Ne2+ 21. Rxe2 Bxe2 22. Nxf7 Qg4 23. h3 Qh5 24. Kf2 Bc4 25. e6 c6 26. Nd6 Bxd5 27. Nxe8 Rxe8 28. Bxd5 cxd5 29. Qe3 Qf5 30. e7 Kf7 31. Bd2 Rxe7 32. Qf3 Bxb2 33. Rd1 Qe4 34. Qxe4 Rxe4 35. Kf3 b6 36. Be3 Ke6 37. h4 Rc4 38. h5 gxh5 39. Rh1 d4 40. Bf2 Rc5 41. Ke4 Rc2 42. f5+ Kf7 43. Be1 Re2+ 44. Kd3 Re5 45. Kc2 Ba3 46. Rf1 Bc5 47. a4 Re2+ 48. Kd3 Re3+ 49. Kc4 Ra3 50. a5 Ra1 51. Rh1 d3 52. Kxd3 Bb4 53. axb6 axb6 54. Rxh5 Rxe1 55. Rxh6 Bc5 56. Rc6 Re5 57. f6 Re6 58. Rc7+ Kxf6 59. Kc4 Ke5 60. Rh7 Rg6 61. Rd7 Rg1 62. Kb5 Rb1+ 63. Kc6 Ke4 64. Rd2 Bd4 65. Rh2 b5 66. Rh3 b4 67. Kb5 b3 68. Kc4 b2 69. Rh4+ Kf3 70. Rxd4 Rc1+ 0-1

[Event "Wroclaw POL-ROW (Women)"]
[Site "Wroclaw"]
[Date "2023.12.18"]
[Round "1.5"]
[White "Stefanova, Antoaneta"]
[Black "Kiolbasa, Oliwia"]
[Result "1-0"]
[WhiteElo "2442"]
[BlackElo "2379"]
[PlyCount "97"]
[EventDate "2023.12.18"]
[EventType "team-schev"]
[EventRounds "5"]
[EventCountry "POL"]
[SourceTitle "CB52_2023"]
[SourceDate "2023.12.27"]
[SourceVersion "1"]
[SourceVersionDate "2023.12.27"]
[SourceQuality "1"]
[WhiteTeam "Rest of the World"]
[BlackTeam "Poland"]
[BlackTeamCountry "POL"]

1. Nf3 d5 2. c4 e6 3. g3 Nf6 4. Bg2 c5 5. cxd5 Nxd5 6. 0-0 Nc6 7. d4 cxd4 8. Nxd4 Be7 9. Nxc6 bxc6 10. Qa4 Bd7 11. Rd1 0-0 12. e4 c5 13. Qc4 Nb6 14. Qe2 Qc8 15. Bf4 Rd8 16. Nc3 Bc6 17. Rxd8+ Qxd8 18. Rd1 Qe8 19. h4 h6 20. Qg4 Kh7 21. Qh5 Bf8 22. Bd6 Nc4 23. Bxf8 Qxf8 24. b3 Nb6 25. e5 Bxg2 26. Kxg2 c4 27. bxc4 Nxc4 28. Rd7 Kg8 29. Ne4 Rd8 30. Rxa7 Rd5 31. Nf6+ gxf6 32. Qg4+ Kh8 33. Qxc4 fxe5 34. a4 Qe8 35. a5 Rd4 36. Qc7 Kg8 37. Rb7 Rd8 38. a6 Rc8 39. Qd7 Qxd7 40. Rxd7 Kg7 41. a7 e4 42. Rb7 Ra8 43. h5 Kf6 44. Kh3 Kg5 45. Rxf7 Rc8 46. Rb7 Ra8 47. Rb5+ Kf6 48. Ra5 e5 49. Ra6+ 1-0

[Event "Worclaw Litwinska Memorial KO"]
[Site "Wroclaw"]
[Date "2023.12.17"]
[Round "2.2"]
[White "Mammadova, Gulnar Marfat Qizi"]
[Black "Stefanova, Antoaneta"]
[Result "0-1"]
[WhiteElo "2350"]
[BlackElo "2442"]
[PlyCount "168"]
[EventDate "2023.12.17"]
[EventType "k.o. (rapid)"]
[EventRounds "4"]
[EventCountry "POL"]
[SourceTitle "CB52_2023"]
[SourceDate "2023.12.27"]
[SourceVersion "1"]
[SourceVersionDate "2023.12.27"]
[SourceQuality "1"]

1. e4 e5 2. Nf3 Nc6 3. Bb5 a6 4. Ba4 d6 5. 0-0 Bd7 6. c3 g6 7. d4 Bg7 8. h3 b5 9. Bb3 Nf6 10. Re1 0-0 11. Nbd2 Re8 12. a3 h6 13. Bc2 Nh5 14. Nf1 Qf6 15. Be3 Nf4 16. Bxf4 Qxf4 17. Ne3 Qf6 18. Nd5 Qd8 19. Qd2 exd4 20. cxd4 Ne7 21. Nf4 c5 22. Rad1 c4 23. e5 dxe5 24. dxe5 Bf5 25. Nd4 Bxc2 26. Qxc2 Qb6 27. Nf3 Qc7 28. Qe4 Rad8 29. Nd5 Nxd5 30. Rxd5 Rxd5 31. Qxd5 Re6 32. Re3 Kh7 33. h4 Qc6 34. Qd4 Re7 35. h5 g5 36. Qg4 Qe6 37. Qe4+ Kh8 38. Nd4 Qd7 39. Nf3 g4 40. Nh2 Bxe5 41. g3 Bf6 42. Qa8+ Kg7 43. Rxe7 Bxe7 44. Qxa6 Bf6 45. a4 Bxb2 46. axb5 Qd1+ 47. Nf1 Bd4 48. Qc8 c3 49. b6 Qe2 50. Ne3 Qe1+ 51. Kg2 Bxe3 52. fxe3 Qe2+ 53. Kh1 Qf1+ 54. Kh2 Qh3+ 55. Kg1 Qxg3+ 56. Kf1 Qf3+ 57. Kg1 Qxe3+ 58. Kg2 Qf3+ 59. Kh2 g3+ 60. Kh3 g2+ 61. Kh2 Qxh5+ 62. Kxg2 Qe2+ 63. Kg3 Qe3+ 64. Kg2 Qd2+ 65. Kg3 c2 66. b7 c1Q 67. Qxc1 Qxc1 68. b8Q Qg5+ 69. Kf3 h5 70. Ke4 h4 71. Qb2+ Kh7 72. Qf2 Kg6 73. Qb6+ Kh5 74. Qa7 Qf6 75. Qc5+ Kg6 76. Qg1+ Qg5 77. Qb6+ Kh5 78. Qa7 Qg6+ 79. Kf4 Qf6+ 80. Ke4 h3 81. Qa3 Kh4 82. Qc1 Qg6+ 83. Kf3 Qg2+ 84. Ke3 Qg5+ 0-1

[Event "Worclaw Litwinska Memorial KO"]
[Site "Wroclaw"]
[Date "2023.12.17"]
[Round "3.2"]
[White "Stefanova, Antoaneta"]
[Black "Kiolbasa, Oliwia"]
[Result "1-0"]
[WhiteElo "2442"]
[BlackElo "2379"]
[PlyCount "109"]
[EventDate "2023.12.17"]
[EventType "k.o. (rapid)"]
[EventRounds "4"]
[EventCountry "POL"]
[SourceTitle "CB52_2023"]
[SourceDate "2023.12.27"]
[SourceVersion "1"]
[SourceVersionDate "2023.12.27"]
[SourceQuality "1"]

1. d4 Nf6 2. Nf3 e6 3. e3 d5 4. Bd3 Bd6 5. b3 b6 6. Bb2 Bb7 7. 0-0 0-0 8. c4 Qe7 9. a4 a6 10. a5 Nbd7 11. Ne5 Bb4 12. axb6 cxb6 13. f4 Ne4 14. Bxe4 dxe4 15. Nc3 f6 16. Nxd7 Qxd7 17. Na4 Qc7 18. Ba3 Bxa3 19. Rxa3 Bc6 20. Nb2 Qe7 21. Ra2 Qb4 22. Qc2 Rfc8 23. Rc1 a5 24. Qc3 Qxc3 25. Rxc3 Rab8 26. Kf2 Bd7 27. Ke1 Kf7 28. Kd2 Ke7 29. Rc1 h5 30. Nd1 h4 31. Nc3 Bc6 32. Rg1 Rh8 33. Kc2 Kd6 34. Rd1 f5 35. c5+ Kc7 36. d5 exd5 37. Nxd5+ Bxd5 38. Rxd5 h3 39. g3 Rhd8 40. cxb6+ Kxb6 41. Raxa5 Rbc8+ 42. Kb2 Rxd5 43. Rxd5 g6 44. Rd6+ Kb5 45. Rxg6 Rd8 46. Kc2 Ra8 47. Kc3 Rc8+ 48. Kd4 Rc2 49. Rf6 Rxh2 50. Rxf5+ Kb4 51. Kxe4 Kxb3 52. Rh5 Kc4 53. g4 Rh1 54. g5 h2 55. g6 1-0

[Event "Worclaw Litwinska Memorial KO"]
[Site "Wroclaw"]
[Date "2023.12.17"]
[Round "3.3"]
[White "Stefanova, Antoaneta"]
[Black "Kiolbasa, Oliwia"]
[Result "1-0"]
[WhiteElo "2442"]
[BlackElo "2379"]
[PlyCount "75"]
[EventDate "2023.12.17"]
[EventType "k.o. (rapid)"]
[EventRounds "4"]
[EventCountry "POL"]
[SourceTitle "CB52_2023"]
[SourceDate "2023.12.27"]
[SourceVersion "1"]
[SourceVersionDate "2023.12.27"]
[SourceQuality "1"]

1. d4 Nf6 2. Bg5 e6 3. Nd2 c5 4. e3 cxd4 5. exd4 Be7 6. Ngf3 b6 7. Bd3 Ba6 8. c4 0-0 9. 0-0 h6 10. Bf4 d5 11. Rc1 Nbd7 12. b3 Rc8 13. Qe2 Re8 14. h3 Nf8 15. Rfd1 Bd6 16. Ne5 Qe7 17. Bg3 Ba3 18. Rb1 Bb4 19. Ndf3 N6d7 20. cxd5 Bxd3 21. Qxd3 exd5 22. Qb5 Nxe5 23. dxe5 Ne6 24. Qxd5 Red8 25. Qe4 a5 26. Nh4 Qc5 27. a4 Qc3 28. Rxd8+ Rxd8 29. Nf5 Rd2 30. Nd6 Ra2 31. Qa8+ Nf8 32. Qd5 Ne6 33. Qa8+ Nf8 34. Qb7 Qc2 35. Qxf7+ Kh7 36. Rf1 Ng6 37. Ne8 Bf8 38. Nf6+ 1-0

[Event "EU-chT (Women) 24th"]
[Site "Budva"]
[Date "2023.11.20"]
[Round "9.1"]
[White "Stefanova, Antoaneta"]
[Black "Khotenashvili, Bela"]
[Result "1-0"]
[WhiteElo "2417"]
[BlackElo "2498"]
[PlyCount "61"]
[EventDate "2023.11.11"]
[EventType "team-swiss"]
[EventRounds "9"]
[EventCountry "MNE"]
[SourceTitle "CB47_2023"]
[SourceDate "2023.11.22"]
[SourceVersion "1"]
[SourceVersionDate "2023.11.22"]
[SourceQuality "1"]
[WhiteTeam "Bulgaria (W)"]
[BlackTeam "Georgia (W)"]
[WhiteTeamCountry "BUL"]
[BlackTeamCountry "GEO"]

1. e4 c6 2. Nc3 d5 3. Nf3 dxe4 4. Nxe4 Nf6 5. Qe2 Nxe4 6. Qxe4 Nd7 7. Bc4 Nf6 8. Qe2 b5 9. Bb3 e6 10. a4 a6 11. Ne5 Qc7 12. d4 Bd6 13. c3 Rb8 14. Bf4 0-0 15. 0-0 bxa4 16. Bxa4 c5 17. Rfd1 Nd5 18. Bg3 f6 19. Nc6 Bxg3 20. hxg3 Rb6 21. c4 Nb4 22. d5 Qd6 23. dxe6 Qxe6 24. Qxe6+ Bxe6 25. Rd6 Nxc6 26. Rxe6 Rc8 27. Rd1 Kf7 28. Rdd6 Rxb2 29. Bxc6 a5 30. Bd5 Kg6 31. Re7 1-0

[Event "EU-chT (Women) 24th"]
[Site "Budva"]
[Date "2023.11.18"]
[Round "7.1"]
[White "Daulyte Cornette, Deimante"]
[Black "Stefanova, Antoaneta"]
[Result "0-1"]
[WhiteElo "2369"]
[BlackElo "2417"]
[PlyCount "110"]
[EventDate "2023.11.11"]
[EventType "team-swiss"]
[EventRounds "9"]
[EventCountry "MNE"]
[SourceTitle "CB47_2023"]
[SourceDate "2023.11.22"]
[SourceVersion "1"]
[SourceVersionDate "2023.11.22"]
[SourceQuality "1"]
[WhiteTeam "France (W)"]
[BlackTeam "Bulgaria (W)"]
[WhiteTeamCountry "FRA"]
[BlackTeamCountry "BUL"]

1. e4 e5 2. Nf3 Nc6 3. d4 exd4 4. Nxd4 Qf6 5. Nf3 Bb4+ 6. c3 Bc5 7. Be2 d6 8. 0-0 a6 9. b4 Ba7 10. a4 Ne5 11. Nbd2 Ne7 12. Nd4 N7g6 13. N2b3 Nf4 14. Bxf4 Qxf4 15. Qc2 h5 16. c4 Ng4 17. Nf3 Be6 18. Rad1 h4 19. Nbd4 Bd7 20. c5 dxc5 21. bxc5 c6 22. Nf5 Bxf5 23. exf5 Nh6 24. Rd4 Qxf5 25. Re4+ Kf8 26. Rc1 h3 27. Nd4 Qg5 28. g3 Rd8 29. Rf4 Kg8 30. Bc4 Rd7 31. Re1 Re7 32. Rxe7 Qxe7 33. Re4 Qd8 34. Qe2 Kh7 35. Qh5 g6 36. Qe5 Bb8 37. Qe7 Qxe7 38. Rxe7 Rd8 39. Nf3 Rd1+ 40. Bf1 Rb1 41. Nd2 Ra1 42. Nb3 Rxa4 43. Rxb7 Be5 44. Bxh3 a5 45. Bd7 Ra2 46. Bxc6 a4 47. Na5 Bd4 48. Rb4 Bxf2+ 49. Kh1 Be1 50. Rb5 Ng4 51. h3 Nf2+ 52. Kg2 Nd3+ 53. Kf1 Bxg3 54. Be4 Rf2+ 55. Kg1 Nf4 0-1